Ostseebäder, Kurorte und Erholungsorte in Mecklenburg-Vorpommern - Statistiken

Allgemein
  • Dieses Quiz wurde 155 mal gespielt
  • Das Durchschnittsergebnis liegt bei 13 aus 45
Antwortstatistiken
Einwohnerzahl Landkreis Typ Antwort % Korrekt
5413 Vorpommern-Rügen Ostseebad Binz auf Rügen
78%
6670 Stadt Rostock Ostseebad Warnemünde
68%
8387 Vorpommern-Greifswald Ostseebad Heringsdorf auf Usedom
62%
9064 Vorpommern-Rügen Ostseebad Sassnitz
62%
3147 Vorpommern-Rügen Seeheilbad Zingst
60%
7964 Landkreis Rostock Ostseeheilbad Kühlungsborn
54%
3395 Vorpommern-Greifswald Ostseeheilbad Ahlbeck auf Usedom
52%
2691 Vorpommern-Rügen Ostseebad Sellin auf Rügen
50%
4168 Vorpommern-Greifswald Ostseeheilbad Zinnowitz
48%
639 Vorpommern-Rügen Ostseeheilbad Ahrenshoop auf dem Darß
42%
1389 Vorpommern-Rügen Ostseebad Göhren auf Rügen
40%
2535 Nordwestmecklenburg Seebad Boltenhagen
38%
1490 Vorpommern-Rügen Ostseebad Prerow auf dem Darß
38%
21,116 Mecklenburgische Seenplatte Kurort Waren an der Müritz
38%
12,752 Landkreis Rostock Kurort Bad Doberan
36%
2503 Vorpommern-Greifswald Ostseeheilbad Bansin auf Usedom
34%
2166 Landkreis Rostock Ostseebad Rerik
34%
939 Vorpommern-Rügen Ostseebad Baabe auf Rügen
32%
4043 Landkreis Rostock Ostseebad Graal Müritz
32%
1718 Vorpommern-Greifswald Ostseebad Koserow auf Usedom
28%
300 Landkreis Rostock Ostseebad Heiligendamm
26%
994 Vorpommern-Rügen Ostseebad Insel Hiddensee
26%
3216 Vorpommern-Greifswald Ostseebad Karlshagen auf Usedom
24%
8457 Vorpommern-Greifswald Seebad Ueckermünde
24%
1054 Vorpommern-Rügen Ostseeheilbad Wustrow auf Fischland
24%
2535 Nordwestmecklenburg Ostseebad Insel Poel
20%
1587 Vorpommern-Rügen Ostseebad Dierhagen
18%
1009 Vorpommern-Greifswald Ostseebad Ückeritz auf Usedom
18%
6512 Mecklenburgische Seenplatte Luftkurort Malchow
16%
6091 Ludwigslust-Parchim Luftkurort Plau am See
16%
942 Vorpommern-Greifswald Ostseebad Trassenheide auf Usedom
16%
2133 Vorpommern-Greifswald Ostseebad Lubmin
14%
620 Stadt Rostock Ostseebad Hohe Düne
12%
2139 Landkreis Rostock Ostseebad Nienhagen
12%
958 Vorpommern-Greifswald Ostseebad Zempin auf Usedom
12%
1277 Vorpommern-Rügen Seebad Altefähr auf Rügen
8%
3422 Landkreis Rostock Luftkurort Krakow am See
8%
972 Vorpommern-Greifswald Ostseebad Loddin auf Usedom
8%
1281 Stadt Rostock Ostseebad Diedrichshagen
6%
2015 Mecklenburgische Seenplatte Kneippkurort Feldberg
6%
563 Stadt Rostock Ostseebad Markgrafenheide
4%
1360 Vorpommern-Rügen Ostseebad Mönchgut
4%
1758 Vorpommern-Rügen Kurort Bad Sülze
2%
587 Vorpommern-Rügen Ostseebad Breege mit Juliusruh auf Rügen
2%
4499 Vorpommern-Rügen Ostseebad Lauterbach auf Rügen
2%
Keine übereinstimmenden Quizze gefunden
Verteilung der Resultate
Anzahl Personen mit jedem Resultat
Perzentil nach korrekt beantworteten Fragen
Ihre Resultats-Entwicklung
Sie haben dieses Quiz noch nicht gespielt